Média, lži a příliš rychlý mozek průvodce postpravdivým světem
Saved in:
| Main Author: | |
|---|---|
| Format: | Book |
| Language: | Czech |
| Published: |
Praha
GRADA Publishing
2018
|
| Edition: | 1. vydání |
| Subjects: | |
| Tags: |
No Tags, Be the first to tag this record!
|
MARC
| LEADER | 00000nam a2200000 4500 | ||
|---|---|---|---|
| 001 | 0252869 | ||
| 005 | 20240221112957.1 | ||
| 020 | |a 978-80-271-0716-2 | ||
| 020 | |a 978-80-271-9669-2 | ||
| 041 | 0 | |a cze | |
| 044 | |a CZ | ||
| 245 | 1 | 0 | |a Média, lži a příliš rychlý mozek |b průvodce postpravdivým světem |c Petr Nutil |
| 250 | |a 1. vydání | ||
| 264 | 1 | |a Praha |b GRADA Publishing |c 2018 | |
| 300 | |a 189 s. | ||
| 610 | 2 | 0 | |a médiá |
| 610 | 2 | 0 | |a informácie |
| 610 | 2 | 0 | |a manipulátory |
| 610 | 2 | 0 | |a politika |
| 610 | 2 | 0 | |a propaganda |
| 610 | 2 | 0 | |a internet |
| 610 | 2 | 0 | |a radikalizmus |
| 610 | 2 | 0 | |a gramotnosť informačná |
| 610 | 2 | 0 | |a mienka verejná |
| 100 | 1 | |a Nutil, Petr | |